Dentro y fuera del tarro de la basura autobiografía (Registro nro. 49052)

Detalles MARC
000 -ENCABEZADO
Número de control [NR] 00808nam a2200229Ia 4500
008 - DE LONGITUD FIJA DE DATOS DE ELEMENTOS - INFORMACIÓN GENERAL
Elementos de longitud fija [NR] 130821s2003 cl gr dspa
020 ## - NUMERO INTERNACIONAL NORMALIZADO PARA LIBROS [R]
Número Internacional Normalizado del libro [NR] 956242023x
040 ## - FUENTE DE CATALOGACION [NR]
Agencia de catalogación original [NR] Co-BoUCM
Idioma de catalogación [NR] spa
041 00 - CODIGO DE IDIOMA [R]
Código de idioma para texto/pista de sonido o título separado [R] Español
060 ## - SIGNATURA TOPOGRAFICA DE LA BIBLIOTECA NACIONAL DE MEDICINA (NLM) [R]
Número clasificador [R] WZ 100
-- 5
100 1# - ASIENTO PRINCIPAL--NOMBRE PERSONAL [NR]
Nombre personal [NR] Perls, Frederick S.
ID Autoridad 2573
245 10 - MENCION DE TITULO [NR]
Título [NR] Dentro y fuera del tarro de la basura autobiografía
Mención de responsabilidad, etc. [NR] Frederick S. Perls; traducido de Francisco Humeeus
260 ## - PUBLICACION, DISTRIBUCION, ETC. (PIE DE IMPRENTA) [R]
Lugar de publicación, distribución, etc. [R] Santiago de Chile (Chile)
Nombre del editor, distribuidor, etc. [R] Editorial Cuatro Vientos
Fecha de publicación, distribución, etc. [R] 2003
300 ## - DESCRIPCION FISICA [R]
Extensión [R] 260 páginas
600 13 - ASIENTO SECUNDARIO DE MATERIA - NOMBRE PERSONAL [R]
Nombre personal [NR] Perls, Frederick S.
Fechas asociadas con el nombre [NR] 1893-1970
9 (RLIN) 162648
650 04 - ASIENTO SECUNDARIO DE MATERIA - TERMINO TEMATICO [R]
Término temático o nombre geográfico como elemento de entrada [NR] Biografías
9 (RLIN) 7343
650 04 - ASIENTO SECUNDARIO DE MATERIA - TERMINO TEMATICO [R]
Término temático o nombre geográfico como elemento de entrada [NR] Psicología Gestalt
9 (RLIN) 22842
650 04 - ASIENTO SECUNDARIO DE MATERIA - TERMINO TEMATICO [R]
Término temático o nombre geográfico como elemento de entrada [NR] Terapia gestáltica
9 (RLIN) 25377
700 1# - ASIENTO SECUNDARIO - NOMBRE PERSONAL [R]
Nombre personal [NR] HUMEEUS, Francisco
Término de relación [R]
9 (RLIN) 162649
765 10 - ASIENTO DE IDIOMA ORIGINAL [R]
Asiento principal [NR] In and out the garbage pail.
942 ## - ELEMENTOS DE ENTRADA AGREGADOS (KOHA)
Tipo de ítem principal el descrito en 300a Libro
Tema principal Medicina
Edición 1
Parte restante de la signatura top. P451d
Sistema de clasificación NLM
Clasificación WZ 100
Título oculto en OPAC No
Existencias
Fecha de último préstamo Total préstamos Total Renewals Signatura topográfica Código de barras Última vez visto Ejemplar Price effective from Tipo de ítem Nota pública (OPAC) Perdido Sistema de clasificación Dañado No prestable Tipo de ítem específico Suprimido Ubicación habitual Ubicación actual Localización Fecha de creación Forma de adquisición Costo
29/05/2018 3 3 WZ 100 P451d 200011867 12/12/2025 Ej.1 03/02/2013 Libro Spot Historia de la Medicina   NLM     Libro   Quinta de Mutis Quinta de Mutis 3er piso 28/02/2006 Compra 53.00